000 01815nam a2200517 i 4500
001 33625
003 KOSZ 005
005 20240223062759.0
008 240222s1998 pl a f 000 0 pol
015 _aUWD 1999/4177
020 _a838763610X
035 _a991009131809705066
035 _a(PL-WaBN)b1247843x-48omnis_nlop
035 _ab1247843x
035 _a(OCoLC)749696495
035 _azz2005869592
035 _a(PL)b0000001247843
035 _a(EXLNZ-48OMNIS_NETWORK)9910065468705606
040 _aWA N
_cWA N
_dKOSZ 005/RW
046 _k1998
080 _a005
080 _a658.1/.5
080 _a(083.1)
245 0 0 _aMetody zarządzania przedsiębiorstwem /
_cZygmunt Mietlewski, Stanisław Smoleński.
260 _aBydgoszcz :
_bOficyna Wydawnicza Ośrodka Postępu Organizacyjnego,
_c1998.
300 _a262 strony :
_bilustracje ;
_c21 cm.
336 _aTekst
_btxt
_2rdacontent
337 _aBez urządzenia pośredniczącego
_bn
_2rdamedia
338 _aWolumin
_bnc
_2rdacarrier
380 _aKsiążki
380 _aPublikacje fachowe
388 1 _a1901-2000
388 1 _a1989-2000
490 1 _aBiblioteka Menedżera i Służby Pracowniczej (1996) ;
_vz. 97
504 _aBibliografia na stronie 260.
650 7 _aZarządzanie
_2DBN
655 7 _aPoradnik
_2DBN
658 _aZarządzanie i marketing
700 1 _aMietlewski, Zygmunt
_d(1953- )
_eAutor
700 1 _aSmoleński, Stanisław
_d(1936- )
_eAutor
710 2 _aOficyna Wydawnicza Ośrodka Postępu Organizacyjnego
_4pbl
830 0 _aBiblioteka Menedżera i Służby Pracowniczej (1996)
_vz. 97
856 _uhttps://koha.tu.koszalin.pl/cgi-bin/koha/opac-detail.pl?biblionumber=33625
_yKatalog online BPK
942 _2UKD
_cKS
999 _c33625
_d33625